| 000 -LEADER |
| fixed length control field |
01012nam a2200229Ia 4500 |
| 001 - CONTROL NUMBER |
| control field |
2051 |
| 003 - CONTROL NUMBER IDENTIFIER |
| control field |
GE_BSU |
| 005 - DATE AND TIME OF LATEST TRANSACTION |
| control field |
20221007103236.0 |
| 008 - FIXED-LENGTH DATA ELEMENTS--GENERAL INFORMATION |
| fixed length control field |
181216s2005ru xx |||||||||||||| ||rus|| |
| 020 ## - INTERNATIONAL STANDARD BOOK NUMBER |
| International Standard Book Number |
5720506225 |
| 040 ## - CATALOGING SOURCE |
| Transcribing agency |
GE_BSU |
| 041 ## - LANGUAGE CODE |
| Language code of text/sound track or separate title |
rus |
| 080 ## - UNIVERSAL DECIMAL CLASSIFICATION NUMBER |
| Universal Decimal Classification number |
342.7(470) Б-81 |
| 100 ## - MAIN ENTRY--PERSONAL NAME |
| Personal name |
Бондарь,Н.С. |
| 9 (RLIN) |
15123 |
| 245 ## - TITLE STATEMENT |
| Title |
Власть и свобода на весах конституционного правосудия : |
| Remainder of title |
Защита прав человека Конституционным судом РФ. / |
| Statement of responsibility, etc. |
Н.С. Бондарь. |
| 264 ## - PRODUCTION, PUBLICATION, DISTRIBUTION, MANUFACTURE, AND COPYRIGHT NOTICE |
| Place of production, publication, distribution, manufacture |
Москва : |
| Name of producer, publisher, distributor, manufacturer |
Юстицинформ, |
| Date of production, publication, distribution, manufacture, or copyright notice |
2005. |
| 300 ## - PHYSICAL DESCRIPTION |
| Extent |
592 стр.: |
| 653 ## - INDEX TERM--UNCONTROLLED |
| keyword |
Власть и свобода на весах конституционного правосудия |
| 653 ## - INDEX TERM--UNCONTROLLED |
| keyword |
ძალა და თავისუფლება საკონსტიტუციო მართლმსაჯულების სასწორზე |
| 653 ## - INDEX TERM--UNCONTROLLED |
| keyword |
სამართალი |
| 942 ## - ADDED ENTRY ELEMENTS (KOHA) |
| Koha item type |
წიგნი |
| Source of classification or shelving scheme |
|